000 00362nam a2200169Ia 4500
100 _aGupta/S.C
650 _aopto electronics
250 _a2
942 _cBK
366 _f27
245 _aOpto electronic devices and systems
260 _bprentice hall
_c2015
082 _a621.381
_bGUP
300 _a664
546 _aENGLISH
_cPAMPHALETS
999 _c29192
_d29192